Normal view
MARC view
Entry Personal Name
001 - CONTROL NUMBER
- control field: 34107
003 - CONTROL NUMBER IDENTIFIER
- control field: ARRUPE
005 - DATE AND TIME OF LATEST TRANSACTION
- control field: 20170801094850.0
008 - FIXED-LENGTH DATA ELEMENTS
- fixed length control field: 170801|| aca||aabn | a|a d
040 ## - CATALOGING SOURCE
- Original cataloging agency: ARRUPE
- Transcribing agency: ARRUPE
100 ## - HEADING--PERSONAL NAME
- Personal name: Novak, Michael.
670 ## - SOURCE DATA FOUND
- Source citation: Work cat.: (ARRUPE)33573: Novak, Michael., The experience of nothingness., [1970]